Convenio "Andrés Bello" de integración educativa cientifica y cultural de los países de la región Andina

Guardat en:
Dades bibliogràfiques
Autor corporatiu: Secretaria Ejecutiva Permanente
Format: Text
Publicat: Bogotá: Ministerio de Educación Nacional
Etiquetes: Afegir etiqueta
Sense etiquetes, Sigues el primer a etiquetar aquest registre!

MARC

LEADER 00000 a a2200000 04500
001 25303
003
040
090 |a 181000  
110 |a Secretaria Ejecutiva Permanente  
245 |a Convenio "Andrés Bello" de integración educativa cientifica y cultural de los países de la región Andina  
260 |a Bogotá:   |b Ministerio de Educación Nacional  
300 |a 69 p  
999 |c 11681  |d 11681